Ciencia, historia y relaciones internacionales /
El carácter científico de las relaciones internacionales hasta el momento ha tenido una tímida aceptación, esta indefinición da origen a la presente investigación. La escuela anglosajona es la primera que se cuestiona el problema y estudia los análisis conductistas que dudaban de la eficacia de las...
Gardado en:
| Autor Principal: | |
|---|---|
| Formato: | Texto |
| Materias: | |
| Etiquetas: |
Engadir etiqueta
Sen Etiquetas, Sexa o primeiro en etiquetar este rexistro!
|
MARC
| LEADER | 00000 a a2200000 04500 | ||
|---|---|---|---|
| 001 | 13980 | ||
| 003 | |||
| 040 | |||
| 100 | |a Uscanga, Carlos | ||
| 245 | |a Ciencia, historia y relaciones internacionales / |c Carlos Uscanga | ||
| 520 | |a El carácter científico de las relaciones internacionales hasta el momento ha tenido una tímida aceptación, esta indefinición da origen a la presente investigación. La escuela anglosajona es la primera que se cuestiona el problema y estudia los análisis conductistas que dudaban de la eficacia de las categorías especulativas, por carecer de respaldo empírico y capacidad cuantitativa de las aproximaciones de los realistas o la teoría de los sistemas. Por otra parte las concepciones marxistas esclarecen en primera instancia los criterios de cientificidad: una estructuración sistemática de conocimientos que sean capaces de descubrir los aspectos esenciales de las contradicciones e interrelaciones dialécticas de la realidad mundial como un todo. Surgen las propuestas inspiradas en el materialismo histórico dialéctico y da nuevos elementos de juicio para comprender el problema, se parte de una concepción central al calificar las relaciones internacionales como ciencia social de la historia, la política y la economía. Se considera el conocimiento histórico del hombre y sus instrumentos de gestión y reproducción social, como el fundamento para intentar comprender la naturaleza de los procesos y tendencias de realidad social contemporánea. HB/JM | ||
| 650 | |a RELACIONES INTERNACIONALES | ||
| 650 | |a CIENCIAS SOCIALES | ||
| 650 | |a MARXISMO | ||
| 773 | |g volumen 8, número 37; páginas 68-73 | ||
| 999 | |c 32754 |d 32754 | ||
| 773 | 0 | |0 43022 |9 4496 |a Universidad Nacional Autónoma de México, UNAM |d México, UNAM |o MFN: 0238 |t Relaciones Internacionales / |x 01850814 | |
